000 00703nam a2200205Ia 4500
005 20241129110156.0
008 241129s9999||||xx |||||||||||||| ||und||
037 _aTB
040 _aARTS
_bpun
_cARTS
041 _apun
_2pun
084 _aQ8441v 153R2
_qARTS
100 _aਸਾਬਰ, ਜਸਬੀਰ ਸਿੰਘ, ਥਦ।
245 0 _aਰੂਹਾਨੀ ਰਹਿਤ
_cਸਾਬਰ, ਜਸਬੀਰ ਸਿੰਘ, ਥਦ।
260 _aਅੰਮ੍ਰਿਤਸਰ, ਭਾਰਤ
_bਅੰਮ੍ਰਿਤਸਰ ਸਬਦ ਲਾਦ
_c2023
300 _a352ਪ੍ਰ0
365 _aINR
_b600
650 _aSikkhism
_9726471
942 _cTB
_hQ8441v 153R2
999 _c1227606
_d1227606